000 00516nam a22001937a 4500
003 BD-DhJNU
005 20250114023732.0
008 250114b |||||||| |||| 00| 0 eng d
020 _a817649285x
040 _aBD-DhJNU
_bENG
_cBD-DhJNU
_dBD-DhJNU
082 _223
_a305.51220954
100 _aSharma, Ursula
245 _aCaste /
_cUrsula Sharma
260 _aNew delhi :
_bViva books,
_c2002.
300 _a105 P. :
_bill. ;
_c23 cm.
504 _ainclude index
650 _aSocial conditions
942 _2ddc
_cBK
_n0
999 _c1086
_d1086